Türkiye'de yaşamda ve yazında konut sorununun gelişimi (Kayıt no. 3130)

MARC ayrıntıları
000 -BAŞLIK
Sabit Uzunlukta Kontrol Alanı 00790na a2200277 4500
001 - KONTROL NUMARASI
Denetim Alanı 18650
003 - KONTROL NUMARASI IDENTIFIER
Denetim Alanı MIRAKIL
005 - SON İŞLEM TARİHİ VE ZAMANI
Denetim Alanı 20181213154921.0
008 - SABİT-BOY VERİ ELEMANLARI - GENEL BİLGİLER
Sabit Uzunlukta Kontrol Alanı 161123b tu 000 0
020 ## - ULUSLARARASI STANDART KİTAP NUMARASI
Uluslararası Standart Kitap Numarası 975191180X
035 ## - SİSTEM KONTROL NUMARASI
Sistem Kontrol Numarası 18650
040 ## - KATALOGLAMA KAYNAK
Orijinal Kataloglama Ajansı Milas
Kataloglama Dili tur
Metne Dönüştürmek Ajansı TR-AnCHP
041 ## - DİL KODU
Metin / Ses Parça Veya Ayrı Başlığın Dil Kodu tur
082 ## - DEWEY ONLU SINIFLANDIRMA NUMARASI
Sınıflandırma Numarası 334
Ürün Numarası T34t 1996
090 ## - SINIFLAMA NUMARASI
Sınıflama Numarası 334 T34t 1996
100 ## - ANA GİRİŞ - KİŞİSEL İSİM
Kişisel Ad Tekeli, İlhan
245 ## - BAŞLIK TABLOSU
Başlık Türkiye'de yaşamda ve yazında konut sorununun gelişimi
Sorumluluk Tablosu, Vb İlhan Tekeli
250 ## - EDITION TABLOSU
Baskı Beyanı 2. bs.
260 ## - YAYIN, DAĞITIM, VB
Yayın, Dağıtım, Vb Yeri [Ankara]
Yayıncı, Dağıtıcı, Vs Adı T.C. Başbakanlık Toplu Konut İdaresi Başkanlığı
Yayın, Dağıtım, Vb Tarihi 1996
300 ## - FİZİKSEL TANIM
Kapsam 165 s.
Boyutlar 24 sm.
490 ## - SERİSİ TABLOSU
Seri Beyanı Konut Araştırmaları Dizisi
Hacim / Ardışık Tanımı 2
500 ## - GENEL NOT
Genel Not Kaynakça var.
650 ## - KONU KATMA GİRİŞ - TOPİKAL DÖNEM
Topikal Süreli Veya Coğrafi Ad Giriş Elemanı Konut sorunu
Coğrafi Alt Bölümü Türkiye
650 ## - KONU KATMA GİRİŞ - TOPİKAL DÖNEM
Topikal Süreli Veya Coğrafi Ad Giriş Elemanı Konut politikası
Coğrafi Alt Bölümü Türkiye
942 ## - EKLENDİ GİRİŞ ELEMANLARI (KOHA)
Sınıflandırma Veya Raf Düzeni Kaynak
Koha Öğesi Türü Kitaplar
999 ## - SİSTEM KONTROL NUMARALARI (KOHA)
Koha Biblionumber 3130
Koha Biblioitemnumber 3130
Mevcut
Kalıcı Konum Mevcut Konum Edinme Tarihi Edinim Kaynak Toplam Check-Out'Lar Tam Çağrı Numarası Barkod Tarih Son Görülme İtibaren Geçerli Fiyatlar Koha Öğesi Türü
CHP Kütüphanesi CHP Kütüphanesi 11/23/2016 Bağış   334 T34t 1996 009646 11/23/2016 11/23/2016 Kitaplar